Investment Analysis and Portfolio Management (Record no. 31403)

MARC details
000 -LEADER
fixed length control field 00894nam a22002297a 4500
008 - FIXED-LENGTH DATA ELEMENTS--GENERAL INFORMATION
fixed length control field 091105t xxu||||| |||| 00| 0 eng d
010 ## - LCCN (DPL NO)
LC control number B-360052
020 ## - INTERNATIONAL STANDARD BOOK NUMBER
International Standard Book Number 9780070249073
Terms of availability 450-00
035 ## - SYSTEM CONTROL NUMBER
System control number B-360052
037 ## - SOURCE OF ACQUISITION
Stock number UBH
Source of stock number/acquisition RP/CL/E;20/90/21-10-09/24-10-09/30-10-09
040 ## - CATALOGING SOURCE
Original cataloging agency dpl
Language of cataloging eng
082 ## - DEWEY DECIMAL CLASSIFICATION NUMBER
Classification number 332.6
100 ## - MAIN ENTRY--PERSONAL NAME
Personal name Chandra,Prasanna
9 (RLIN) 53675
245 ## - TITLE STATEMENT
Title Investment Analysis and Portfolio Management
Statement of responsibility, etc by Prasanna Chandra
250 ## - EDITION STATEMENT
Edition statement 3ed
260 ## - PUBLICATION, DISTRIBUTION, ETC. (IMPRINT)
Place of publication, distribution, etc New Delhi
Name of publisher, distributor, etc Tata McGraw Hill Publishing
Date of publication, distribution, etc 2009
270 ## - ADDRESS
Address 7 West Patel Nagar
City New Delhi
Postal code 110008
300 ## - PHYSICAL DESCRIPTION
Extent xi,733pg
Other physical details 24cm
942 ## - ADDED ENTRY ELEMENTS (KOHA)
Source of classification or shelving scheme Dewey Decimal Classification
Item type English Books
Classification part 332.6
Call number suffix CHA
Holdings
Withdrawn status Lost status Source of classification or shelving scheme Damaged status Not for loan Home library Current library Date acquired Source of acquisition Cost, normal purchase price Total Checkouts Full call number Barcode Date last seen Copy number Cost, replacement price Koha item type Public note
    Dewey Decimal Classification     Central Library Central Library 30/10/2009 RP/CL 450.00   332.6 CHA B-360052 05/11/2009 1 450.00 English Books Legal Case (Register 30)

© Delhi Public Library
Hit Counter
free hit counter